| 000 | 00665nam a2200157 a 4500 | ||
|---|---|---|---|
| 008 | 120416s1958 ||||||||||||||||| || u | ||
| 050 | _aHB 71 Dor | ||
| 100 | _aDorfman, Robert | ||
| 245 | 1 | 0 | _aLinear programming and economic analysis |
| 260 |
_aNew York _bMcGraw-Hill _c1958 |
||
| 300 | _aix, 525p : ill. | ||
| 350 | _a0.00 | ||
| 700 | _aSolow, Robert M | ||
| 995 |
_aMAIN LIBRARY OPEN ACCESS _D0.00 _e001818 _FCBU-MAIN LIBRARY (Kitwe) _H2 _I0.00 _jHB 71 Dor _UAVAILABLE _y001818 _ZMain Library Open Access Collection |
||
| 995 |
_aANNEX COLLECTION (Main Library) _D0.00 _e001817 _FCBU-MAIN LIBRARY (Kitwe) _H1 _I0.00 _jHB 71 Dor _UAVAILABLE _y001817 _ZAnnex Low-Usage Collection |
||
| 999 |
_c80529 _d80529 |
||